Представление документа в формате MARC21

Поле Инд. ПП Название Значение
Тип записи a
Библиографический уровень m
001 Контрольный номер f41fd670-ff1b-4bd1-a2b5-93355136eecd
005 Дата корректировки 20140703135303.9
008 Кодируемые данные 050427
020 c Цена, тираж 15.00
040 a Служба первич. каталог. НБ ТвГУ
041 a Код языка текста rus
080 a Индекс УДК 174:070.42(075.8)
084 a Индекс другой классификации/Индекс ББК Ч612.18я73-1
a Индекс другой классификации/Индекс ББК Ч612.4(2Рос)п5я73-1
090 x Авторский знак С54
a Полочн. индекс Ч612.1
100 1_ a Автор Соболевский Андрей Владимирович
245 10 a Заглавие Этика успешного журналиста
b Продолж. заглавия учеб. пособие
c Ответственность А. В. Соболевский ; М-во образования и науки Рос. Федерации, Новосиб. гос. ун-т, Фак. журналистики, Каф. массовых коммуникаций
260 0_ a Место издания Новосибирск
b Издательство Новосибирский гос. ун-т
c Дата издания 2004
300 a Объем 77, [1] с.
504 a Библиография Библиогр.: с. 74-75.
583 a Действие Получение впервые 127 26.04.2005
k Исполнитель действия Обмен
650 a Основная рубрика Журналистика
x Основная подрубрика Этика
x Основная подрубрика Учебники для вузов
653 a Ключевые слова Журналистика
a Ключевые слова Этика журналиста
a Ключевые слова Медиаэтика
a Ключевые слова Этикет
a Ключевые слова Риски
a Ключевые слова Профессиональная этика
852 t Порядковый номер экземпляра 1
p Инвентарный номер 805307
888 a Бесплатные
930 a Новая/Ретро учебники
952 p 127.2005 15.00 1 805307
c Вид литературы К ру
954 a Дата поступления на обработку 20050829
999 a Подразделение 2 ч.з.